1300 1053 1341 1598 1954 1552 1596 1260 1948 1893 1572 1131 1688 1102 1874 1584 1211 1378 1382 1623 1977 1726 1393 1469 1806 1944 1249 1112 1228 1201 1599 1275 1423 1363 1630 1142 1161 1179 1854 1895 1009 1035 1912 1197 1364 1242 1184 1774 1172 1414 1122 1408 1424 1838 1234 1937 1570 1504 1121 1622 1099 1449 1382 1892 1359 1356 1863 1766 1350 1565 1335 1830 1474 1386 1034 1081 1872 1419 1753 1809 1617 1593 1929 1766 1962 1864 1832 1201 1026 1902 1595 1196 1513 1721 1926 1377 1695 1021 1328 BCNSPRNW ULIB Ver.6.0+V

เปลี่ยนเป็นภาษาไทย

Change to English
 แสดงรายละเอียดบรรณานุกรม
  กลับหน้าหลัก

Brief Record : Get Marc (ISO 2709) : E-mail record : QR code < ปิดหน้าต่าง
LEADER : 00000nam 2200000uu 4500
001    13399128889
003     ULIB
008    241024s2023||||th 000 0 tha d
020    ^a9780323827973
060 04 ^aQV4^bS938
245 10 ^aStudy guide for Pharmacology and the nursing process,sixth edition, Linda Lane Lilley ... /^cstudy guideprepared by Julie S. Snyder : study skills by DianeSavoca.
250    ^a10th ed.
260    ^aSt. Louis, Mo. :^bMosby/Elsevier,^c2023
300    ^aiv, 939 p. ;^c28 cm.
650  2 ^aDrugs
650  2 ^aDrug Therapy^xNurses Instruction
650  2 ^aNursing.
650  2 ^aPharmacology
650  2 ^aPharmacology^xExamination Questions
650  2 ^aPharmaceutical Preparations^xadministration & dosage^xNurses Instruction
700 1  ^aLilley, Linda Lane
700 1  ^aSnyder, Julie S
700 1  ^aSavoca, Diane
700 1  ^aLilley, Linda Lane^tPharmacology and the nursing process.
945    ^p3697^l0^i011136
999    ^aประนอม เกษจรัล
รายการนี้ยังไม่มีแท็ก
คุณยังไม่ได้ล็อกอิน คุณสามารถมีกิจกรรมร่วมกับเว็บไซต์ได้ แต่ต้องล็อกอินก่อน ::
  ล็อกอิน

รายการสื่อสารสนเทศ

ลำดับที่ ประเภท เลขเรียก/บาร์โค้ด สถานที่ สถานะ
1. วิทยาศาสตร์การแพทย์ และสุขภาพ
หนังสือสำรอง
สถานะ=หนังสือสำรอง
QV4 S938 ฉ.1 
  Barcode: 011136
ห้องสมุดวิทยาเขตสวรรค์ประชารักษ์
►หนังสือทั่วไป
บนชั้น

รายการใกล้เคียง
    หัวเรื่อง [Drugs]
    หัวเรื่อง [Nursing.]
    หัวเรื่อง [Pharmacology]

BibComment


ยังไม่เคยถูกคอมเมนท์

คอมเมนท์ทรัพยากรรายการนี้
  คอมเมนท์: Study guide for ..


 Copyright 2026. Bcnsprnw @Library